| 000 | 01434nam a2200373 i 4500 | ||
|---|---|---|---|
| 003 | DO-SdBNP | ||
| 005 | 20250716115001.0 | ||
| 007 | ta | ||
| 008 | 250507b2023 dr a|||| |||| 00| 0 spa d | ||
| 020 | _a9789945853384 | ||
| 040 |
_aDO-SdBNP _bspa _cBNPHU _erda |
||
| 041 | _aspa | ||
| 082 | 4 |
_a781.63 _bD542r 2023 _222 |
|
| 100 |
_aDíaz, Rossy _eautor _4aut. _970108 |
||
| 245 | 1 | 0 |
_aRumbas barriales : _baproximaciones al análisis del merengue "de calle" / _cRossy Díaz ; prólogo, Roldán Mármol H. |
| 250 | _aTercera edición | ||
| 264 | 1 |
_aSanto Domingo, República Dominicana : _bEditorial Seña, _c2023. |
|
| 300 |
_a60 páginas : _bilustraciones ; _c21 cm. |
||
| 336 |
_atexto _btxt _2rdacontent |
||
| 337 |
_asin mediación _bn _2rdamedia |
||
| 338 |
_avolumen _bnc _2rdacarrier |
||
| 490 | 1 | _aColección Teoría Crítica | |
| 490 | 1 | _aSerie Desacato 2011 | |
| 500 | _aIncluye referencias bibliográficas y notas al pie de las páginas | ||
| 504 | _aBibliografía : páginas 58-59 | ||
| 590 | _aInventariado, 2025/BT | ||
| 650 | 4 |
_aMerengue (música) _zRepública Dominicana _xHistoria _942976 |
|
| 650 | 4 |
_aMúsica bailable dominicana _91103 |
|
| 650 | 4 |
_aMúsica popular _zRepública Dominicana _91323 |
|
| 700 | 1 |
_aMármol H., Roldán, _eprologuista _4pr. _970109 |
|
| 830 | 0 |
_aColección Teoría y Crítica _pSerie Desacato 2011 _987701 |
|
| 910 | _aBtavárez/Validado. Control de calidad /MAA | ||
| 942 |
_2ddc _cLBS1 |
||
| 999 |
_c58961 _d58961 |
||